00879nam a22002537a 4500999001500000001000500015003000900020005001700029008004100046020001500087040002800102082002000130100002000150245010000170250001300270260003100283300003900314504005100353505003400404650003000438700002400468942001200492952012100504 c5292d52928111BD-DhUAP20201206155456.0201206s2003 nyua b 001 0 eng  a0471370312 aDLCcDLCdBD-DhUAPbEng00a615.19 BUR 2231 aBurger, Alfred.10aBurger's medicinal chemistry and drug discovery /cAlfred Burger ; edited by Donald J. Abraham. a6th ed.  aNew York :bWiley,cc2003. avolumes :billustrations ;c26 cm. aIncludes bibliographical references and index.0 aV. 5-Chemotherapeutic agents. 0aPharmaceutical chemistry. aAbraham, Donald J.  2ddccBK 00102ddc4070aUAPCLbUAPCLcGeneral Stacksd2020-12-06o615.19 BUR V-5p3010008111r2020-12-06t1w2020-12-06yBK